| 000 | 01183cam a22003617a 4500 | ||
|---|---|---|---|
| 003 | CHAP | ||
| 005 | 20220329140534.0 | ||
| 008 | 971013s1973 r 00010 d | ||
| 010 | _a53561 | ||
| 011 | _a54533 | ||
| 035 | _a58684 | ||
| 040 | _cCHAP | ||
| 082 |
_a632.7 _bW4 1973 |
||
| 100 | 0 | 0 |
_aWestcott, Cynthia. _9121540 |
| 245 | 1 | 4 | _aThe gardener's bug book |
| 250 | _a4 ed. | ||
| 260 |
_aGarden City, N.Y. : _bDoubleday, _c1973 |
||
| 300 |
_a689 p. _b; láms. : ilus. |
||
| 590 |
_aBATCH-UPD _b10 _c20130109 _lUCH01 _h2334 |
||
| 590 |
_aBATCH-UPD _b10 _c20130110 _lUCH01 _h0238 |
||
| 590 |
_aBATCH-UPD _b10 _c20130110 _lUCH01 _h0940 |
||
| 590 |
_aBATCH-UPD _b10 _c20130409 _lUCH01 _h1901 |
||
| 590 |
_aBATCH-UPD _b10 _c20130914 _lUCH01 _h1041 |
||
| 590 |
_aCONVERSION _b10 _c20130109 _lUCH01 _h1329 |
||
| 650 | 1 | 4 |
_aControl de plagas. _927595 |
| 650 | 1 | 4 |
_aEntomología económica. _937145 |
| 650 | 1 | 4 |
_aPesticidas. _987536 |
| 650 | 1 | 4 |
_aPlantas hospederas. _989004 |
| 901 | _aBK | ||
| 942 | _cLIBRO | ||
| 949 |
_a632.7 W4 1973 _bBC _cLIBRO _d33724000649141 _eLIBRO _fc.2 _h51827 _i58684 _si _t455.00 |
||
| 949 |
_a632.7 W4 1973 _bBC _cLIBRO _d33724000649158 _eLIBRO _h51826 _i58684 _si _t455.00 |
||
| 999 |
_c53561 _d53561 |
||